Skip to content
Inicio
Centros participantes
Catálogo
Servicios
Contacto
Login
English
Deutsch
Español
Français
Italiano
日本語
Nederlands
Português
Português (Brasil)
中文(简体)
中文(繁體)
Türkçe
עברית
Gaeilge
Cymraeg
Ελληνικά
Català
Euskara
Русский
Čeština
Suomi
Svenska
polski
Dansk
slovenščina
اللغة العربية
বাংলা
Galego
Tiếng Việt
Hrvatski
हिंदी
Հայերէն
Українська
Sámegiella
Language
All Fields
Title
Author
Subject
Call Number
ISBN/ISSN
Tag
Find
Advanced
El Terremoto de 1986 en San Sa...
Cite this
Email this
Print
Export Record
Export to RefWorks
Export to EndNoteWeb
Export to EndNote
Save to List
Permanent link
Add first rating
El Terremoto de 1986 en San Salvador: daños, repercusiones y ayuda requerida
Saved in:
Bibliographic Details
Corporate Author:
CEPAL
Format:
Text
Published:
México D.F.:
CEPAL
Tags:
Add Tag
No Tags, Be the first to tag this record!
Holdings
Description
Comments
Similar Items
Staff View
MARC
LEADER
00000 a a2200000 04500
001
22448
003
040
|a
CRAI/IIS
|c
CRAI/IIS
090
|a
153000
110
|a
CEPAL
245
|a
El Terremoto de 1986 en San Salvador: daños, repercusiones y ayuda requerida
260
|a
México D.F.:
|b
CEPAL
300
|a
41 p.
999
|c
4326
|d
4326
Similar Items
El Terremoto de 1986 en San Salvador: daños, repercusiones y ayuda requerida
El Consejo de Seguridad Nacional
Ponencia del Señor Presidente constitucional de la República, Ingeniero José Napoleón Duarte, ante el Consejo Argentino para las Relaciones Internacionales
by: Duarte, José Napoleón
La deuda externa: conflicto de conflictos
by: Charpentier, Silvia
The Hidden war: Guatemala's counterinsurgency campaing
by: Aguilera Peralta, Gabriel